| 000 | 00335nam a2200133Ia 4500 | ||
|---|---|---|---|
| 999 |
_c3074 _d3074 |
||
| 008 | 200103s 2003 ||||xx |||||||||||||| ||und|| | ||
| 020 | _a9780713667059 | ||
| 082 |
_a522.4 _bPIK |
||
| 100 | _aPike, Dag | ||
| 245 | 0 | _aReed's Sextant Simplified | |
| 260 |
_bAdlard Coles Nautical _c2003 _aLondon |
||
| 300 | _a104p. | ||
| 942 | _cBK | ||